Présidents français jeunes par image - Statistiques

Statistiques générales
  • Ce quiz a été pris 34 fois
  • Le résultat moyen est 8 sur 8
Statistiques - réponses
Par images Réponse % Correct
Emmanuel Macron
100%
François Hollande
100%
Jacques Chirac
100%
Nicolas Sarkozy
100%
Valéry Giscard d’Estaing
97%
Charles de Gaulle
94%
François Mitterrand
91%
Georges Pompidou
88%
Aucun quiz correspondant
Distribution des résultats
% des personnes avec chaque résultat
Percentile par nombre de réponses
Votre historique - résultats
Vous n’avez pas pris ce quiz